Оснастка для заточки и контроля инструментов: учебное пособие

Detaylı Bibliyografya
Yazar: Звягольский Ю. С. Юрий Сергеевич
Diğer Yazarlar: Солоненко В. Г. Владимир Григорьевич, Схиртладзе А. Г. Александр Георгиевич
Özet:В учебном пособии приведены сведения о заточных операциях и технологическом оснащении заточных участков инструментальных цехов машиностроительных предприятий. Рассмотрены конструкции, дано описание технологической оснастки для выполнения заточных операций различных видов режущих инструментов. Использованы результаты ряда исследований. Предназначено для студентов высших учебных заведений, обучающихся по направлению "Конструкторско-технологическое обеспечение машиностроительных производств", а также может быть полезно инженерно-техническим работникам промышленных предприятий, занимающимися вопросами заточки и рациональной эксплуатации режущих
Dil:Rusça
Baskı/Yayın Bilgisi: Старый Оскол, ТНТ, 2016
Konular:
Materyal Türü: Kitap
KOHA link:https://koha.lib.tpu.ru/cgi-bin/koha/opac-detail.pl?biblionumber=315551

MARC

LEADER 00000nam0a2200000 4500
001 315551
005 20231102002805.0
010 |a 9785941781850 
035 |a (RuTPU)RU\TPU\book\340987 
090 |a 315551 
100 |a 20160302d2016 m y0rusy50 ca 
101 0 |a rus 
102 |a RU 
105 |a a j 001zy 
200 1 |a Оснастка для заточки и контроля инструментов  |e учебное пособие  |f Ю. С. Звягольский, В. Г. Солоненко, А. Г. Схиртладзе 
210 |a Старый Оскол  |c ТНТ  |d 2016 
215 |a 244 с.  |c ил. 
320 |a Библиогр.: с. 242-243 
330 |a В учебном пособии приведены сведения о заточных операциях и технологическом оснащении заточных участков инструментальных цехов машиностроительных предприятий. Рассмотрены конструкции, дано описание технологической оснастки для выполнения заточных операций различных видов режущих инструментов. Использованы результаты ряда исследований. Предназначено для студентов высших учебных заведений, обучающихся по направлению "Конструкторско-технологическое обеспечение машиностроительных производств", а также может быть полезно инженерно-техническим работникам промышленных предприятий, занимающимися вопросами заточки и рациональной эксплуатации режущих 
606 1 |a Режущие инструменты  |x Заточка и доводка  |2 stltpush  |3 (RuTPU)RU\TPU\subj\24365  |9 48722 
610 1 |a приспособления 
610 1 |a резцы 
610 1 |a многолезвийные инструменты 
610 1 |a сверла 
610 1 |a зенкеры 
610 1 |a метчики 
610 1 |a червячные фрезы 
610 1 |a зуборезные долбяки 
610 1 |a протяжки 
610 1 |a дисковые фрезы 
610 1 |a торцевые фрезы 
610 1 |a концевые фрезы 
610 1 |a спиральные сверла 
610 1 |a шлифовально-заточные операции 
610 1 |a доводочные операции 
610 1 |a вспомогательные инструменты 
610 1 |a контрольно-измерительные инструменты 
610 1 |a контрольно-измерительные приборы 
610 1 |a безопасность 
610 1 |a учебные пособия 
675 |a 621.9.02.002:621.923(075.8)  |v 4 
700 1 |a Звягольский  |b Ю. С.  |g Юрий Сергеевич 
701 1 |a Солоненко  |b В. Г.  |g Владимир Григорьевич 
701 1 |a Схиртладзе  |b А. Г.  |g Александр Георгиевич 
801 1 |a RU  |b 63413507  |c 20160302 
801 2 |a RU  |b 63413507  |c 20160715  |g RCR 
900 |a Оснастка и инструмент автоматизированного производства 
942 |c BK 
951 |l 8 
959 |a 25/20160225  |d 3  |e 554,00  |f ЧЗТЛ:1  |f УФ:2